[Event "FIDE-Wch k.o."]
[Site "Groningen"]
[Date "1997.12.14"]
[Round "3.1"]
[White "Adams, Michael"]
[Black "Tiviakov, Sergei"]
[Result "1-0"]
[WhiteElo "2680"]
[BlackElo "2590"]
[Annotator "Har Zvi,R"]
[PlyCount "69"]
[EventDate "1997.12.09"]
[EventType "k.o."]
[EventRounds "7"]
[EventCountry "NED"]
[SourceTitle "CBM 063"]
[Source "ChessBase"]
[SourceDate "1998.03.26"]
[SourceVersion "1"]
[SourceVersionDate "1998.03.26"]
[SourceQuality "1"]

1. e4 c5 2. Nf3 d6 3. Bb5+ Nc6 4. O-O Bd7 5. Re1 Nf6 6. c3 a6 7. Bf1 Bg4 8. d3
g6 9. Nbd2 Bg7 10. h3 Bxf3 11. Nxf3 O-O 12. d4 (12. Bg5 Rc8 13. Qd2 b5 14. a3
Qb6 15. b4 Nd7 16. Rad1 Qb7 17. d4 cxd4 18. cxd4 Nb6 19. Bh6 $14 {1-0 Glek,
I-Babula,V/Stare Mesto 1992/EXT 92 (50)}) 12... cxd4 13. cxd4 Rc8 (13... e5 14.
d5 Ne7 15. a4 Nd7 16. Be3 $16 f5 $6 17. Ng5 $18 {1-0 Campora,D-Garcia Luque,A/
San Roque 1996/CBM 57 (33)}) (13... Nd7 14. Bg5 Re8 15. Be3 Rc8 16. Rc1 Qa5 17.
Qb3 b5 18. Red1 Qb4 19. Qxb4 Nxb4 20. Bd2 Nc6 21. a4 $14 {1/2-1/2 Ghinda,
M-Vera,R/Bratislava 1983/MCD-r8 (63)}) 14. Qb3 (14. d5 Nb4 15. Re2 a5 16. Bg5
h6 17. Bf4 Rc4 18. a3 Nbxd5 19. Re1 Nxf4 20. Bxc4 Nd7 21. Qd2 g5 $44 {1/2-1/2
Wahls,M-Akopian,V/WchJM U20 1988/TD 88\09 (48)}) (14. a3 e6 15. Bg5 h6 16. Bh4
Qb6 17. Qd2 d5 18. Bxf6 Bxf6 19. e5 Bg7 20. Rad1 $11 {1/2-1/2 Smirin,I-Anand,V/
Moscow PCA rapid 1994/EXP 40 (79)}) 14... Rc7 {I prefer 14...Nd7,it's not easy
for me to understand the idea behind Rc7} (14... Nd7 15. Be3 b5 (15... e5 16.
dxe5 Ncxe5 17. Nxe5 Bxe5 18. Qxb7 Nc5 19. Qd5 Bxb2 20. Rab1 Be5 21. f4 Bg7 22.
Rec1 $16 {1-0 Lutikov,A-Kalinitschew,S/Moscow-ch 1982/MCD-ch (43)}) 16. a4 Na5
17. Qb4 Nc4 18. axb5 axb5 19. Bg5 h6 20. Bc1 Nf6 21. b3 Nb6 22. Qxb5 $16 {
1/2-1/2 Ghinda,M-Groszpeter,A/Bucharest 1980/MCL 07 (42)}) 15. Bf4 (15. e5 $5 {
this is an interesting move for white,simply blocking black's bishop on "g7"
and getting quite a big space advantage,the only problem that may result from
this move is that the "e5" pawn can be a weak one in certain positions} dxe5 (
15... Nd7 16. exd6 exd6 17. Bf4 $14) 16. dxe5 Nd5 (16... Nd7 17. e6 fxe6 18.
Qxe6+ Kh8 19. Rd1 $14) 17. Bg5 Qd7 18. Rad1 $14) 15... Nd7 16. Rad1 {white has
a very nice position,he controls the center,he has pair of bishops,when black
has really nocompensation for both white's advantages} Qb8 17. h4 $5 {a good
idea,it's difficult for white to play in the center,so he starts to weaken
black's position on the king's side,when you have a space advantage in the
center it is much easy to play on the wings!} e5 18. dxe5 (18. Be3) 18... dxe5
19. Be3 $14 {/+/- now white's advantage is obvious,he has the two bishops
advantage,he has the "d" file,he has some space advantage and better pieces
what more do you need?} Qe8 (19... Na5 20. Qa4 Nc6 21. Rd6) 20. Qa3 (20. Rd3 $5
{[%cal Ge1d1]} Nd4 21. Bxd4 (21. Nxd4 $5 Nc5 22. Nb5 $8 Nxb3 (22... axb5 23.
Bxc5 Rxc5 24. Red1 $16) 23. Nxc7 Qb8 24. Nxa6 bxa6 25. Rxb3 Qa8 $132) 21...
exd4 $13) 20... Qe7 (20... Qe6 21. Ng5 Qe7 22. Qxe7 Nxe7 23. Bc4 $36) 21. Qxe7
Nxe7 22. g3 h6 (22... Nc6 23. Rd2) 23. Rd6 (23. Bh3 $5 {this is a serious move
for white to think about} f5 (23... Nb8 24. b4 $5) 24. exf5 gxf5 25. Rd6 Kh7
26. Red1 $36) (23. Re2 {[%cal Ge2d2]}) 23... Nc8 24. Rd2 Nf6 25. Rdd1 $1 Nxe4
$2 {a big mistake,one might think this is good for black since after Bxh6 he
exchange on of his knights for white's bishop,but infact he must weaken his
king seriously in order to keep the "e5" pawn a decisive factor in the
continuation of the game} (25... Re8 26. Bd2 $14 {[%cal Gd2c3]}) 26. Bxh6 Bxh6
27. Rxe4 f6 (27... Bg7 28. Nxe5 Re8 29. f4 $16) 28. Rc4 $1 {a very strong move,
white gets the control over both the "c" and the "d" files which means a lot
and if black takes now on "c4" white takes back with a check and play Rd7} Re7
(28... Rxc4 29. Bxc4+ Kh8 30. h5 $1 gxh5 31. Nh4 $16) (28... Rg7 29. h5 gxh5
30. Nh4) 29. h5 $3 {a fantastic move,when suddenly black's position fall a
part since white gets fantastic squares for his knight,and 100% control over
the light squares} gxh5 (29... g5 30. Bh3 $16) 30. Nh4 $16 {/+-} Rh7 $2 (30...
b5 31. Rc6 (31. Rc2 $5 $16) 31... Ra7 32. Ng6 (32. Nf5 Ne7 33. Nxh6+ Kh7 (33...
Kg7 $6 34. Rdd6 $1 $16 {/+-}) 34. Re6 Kxh6 35. Rdd6 Kg5 36. Rxa6 Rxa6 37. Rxa6)
32... Ne7 $1 33. Nxe7+ Rxe7 34. Rxa6) (30... Rfe8 31. Be2 $16) 31. Bh3 $18 Ne7
32. Be6+ Kh8 33. Rc7 f5 34. Rdd7 Bg5 35. Ng6+ 1-0

[Event "Czerniak Memorial 13th"]
[Site "Tel Aviv"]
[Date "1997.??.??"]
[Round "6"]
[White "Manor, Ilan"]
[Black "Avrukh, Boris"]
[Result "1-0"]
[WhiteElo "2525"]
[BlackElo "2520"]
[Annotator "Har Zvi,R"]
[PlyCount "65"]
[EventDate "1997.04.04"]
[EventType "tourn"]
[EventRounds "11"]
[EventCountry "ISR"]
[EventCategory "10"]
[SourceTitle "CBM 059"]
[Source "ChessBase"]
[SourceDate "1997.08.01"]
[SourceVersion "1"]
[SourceVersionDate "1997.08.01"]
[SourceQuality "1"]

1. e4 c5 2. Nf3 d6 3. Nc3 Nc6 4. Bb5 e5 5. O-O (5. d3 Be7 6. Nd5 (6. O-O Nf6 7.
Bg5 Be6 8. Nd2 O-O 9. Bc4 Qd7 10. a4 Bg4 11. f3 Be6 12. Re1 Nh5 13. Bxe7 Nxe7
14. Nf1 Kh8 15. Ne3 $13 {Pribal,J-Lutz,C BL 9394 1994}) 6... Nf6 7. c3 (7.
Bxc6+ bxc6 8. Nxe7 Qxe7 9. Bg5 h6 10. Bh4 g5 11. Bg3 Bg4 12. h3 Be6 13. Nd2 Qb7
14. b3 Qb4 15. O-O Kf8 16. Nc4 Bxc4 17. dxc4 Ke7 $13 {Milovanovic,R-Savchenko,
S Tuzla 1990}) 7... O-O 8. Nxe7+ Nxe7 9. h3 Ng6 10. O-O d5 11. exd5 Nxd5 12.
Re1 a6 13. Bc4 b5 14. Bb3 Qd6 {Benjamin,J-Dlugy,M New-York (op) 1987} 15. Qe2
$5) 5... Nge7 6. d3 (6. a3 g6 7. b4 Bg7 8. bxc5 dxc5 9. Bxc6+ Nxc6 10. Nd5 O-O
11. d3 f5 12. h3 Nd4 $36 {Svidler,P-Greenfeld,A Tilburg (01) 20' 1994}) 6...
Ng6 7. Nd5 Be7 8. c3 O-O 9. d4 cxd4 10. cxd4 Bg4 11. dxe5 dxe5 {no matter
which knight takes on e5 white playes simply Be2 with a solid advan} 12. Be3
Nb4 (12... Nh4 13. Be2 $14) 13. h3 (13. Nxe7+ $6 Qxe7 {and now black has no
problems at all,since the knight on d5 was clearly better than the e7 bishop,
now black has a very strong square for his knight on d4} (13... Nxe7 $2 14.
Qxd8 Rfxd8 15. Nxe5) 14. h3 Rfd8 15. Qe2 Bxf3 16. Qxf3 Nc2 17. Rac1 Nxe3 18.
fxe3 $5 $13 (18. Qxe3 Nf4 $11)) 13... Nxd5 14. hxg4 (14. exd5 Bf5 15. Bc4 Qd6
$13 (15... Rc8)) 14... Nf6 $6 {quite a strange move,I wonder how many players
not speaking about about computers would not take immediately on e3 without
even one minute of thinking,although,we reach a very very unclear position} (
14... Nxe3 15. fxe3 Qb6 16. Qb3 {[%csl Gd5,Re3,Re4,Rf7,Rg2,Rg4][%cal Ga2g8,
Gf1f8] white's weakness: terrible pawn structure white's advantages: open "f"
file,strong pressure along the a2-g8 diagonal,the key square "d5" and
attacking the weak f7 pawn,all this gives us a very unclear complicated
position,although it maybe better than what black actually played in the game}
Bc5 17. Rae1 a6 18. Bc4 Qxb3 19. Bxb3 Rad8) 15. Nd2 Qa5 16. Bc4 (16. Qe2 $140
$5 Nxg4 $4 17. Nb3 Qb4 18. Bd2 $18) 16... Rad8 17. Qe2 Nf4 18. Bxf4 exf4 19.
Nf3 $5 (19. Nb3 $6 {giving black the control over the important e5 square is
not a wish idea} Qe5 $1 20. f3 h5 $1 $36) 19... Rde8 {it seems quite strange
playing in this way,Rd8-Re8 in 2 moves again Rd8...and then again Rde8 well
that's just seem to be too much!,maybe black should have tried and simply take
the g4 pawn,he is not losing immediately that's for sure} (19... Nxg4 20. e5 {
[%csl Rg4]} Qb6 21. e6 f5 22. Rad1 $44 {white certainly has enough
compensation for the pawn,maybe even more}) 20. g5 Ng4 21. Bb5 (21. e5 Bd6)
21... Rd8 22. e5 {[%csl Rg4]} Kh8 (22... Bc5 $5) (22... Qb6 $5) 23. Bc4 Rde8
24. Rad1 Bc5 25. Rd5 Qb6 (25... Rd8 26. Rxd8 Qxd8 $140 {[%csl Rf2]} 27. Qe4 (
27. a3 $132) 27... Qb6 28. Qxf4 Nxf2 29. Kh2 Qxb2) 26. Nd2 h5 $2 (26... f5 $142
$13) (26... Nxf2 27. Rxf2 Bxf2+ 28. Qxf2 Qxb2 29. Qxf4 $16) 27. gxh6 Nxh6 28.
Ne4 Bd4 $2 (28... Be7 29. Rfd1 $16) {[%tqu "En","black has played too many
mistakes in his last moves,and as you know after the mistake a punish must
come!to be honest there is more than one way to win for white but I want you
to see the best one the decisive one,and please see everything","","","d5d6",
"",6]} 29. Rd6 $1 $18 Qxb2 30. Qh5 $1 (30. Qd3 {also winning sice there are
two threats take on d4 and Rb1 winning the queen,but Qh5 is stronger}) 30...
Bxe5 31. Rxh6+ gxh6 32. Qxh6+ Kg8 33. Nf6+ {if take on f6 Bd3 with mate in few
moves} 1-0

[Event "RUS-Cup6"]
[Site "Krasnodar"]
[Date "1997.??.??"]
[Round "5"]
[White "Rublevsky, Sergei"]
[Black "Minasian, Ara"]
[Result "1-0"]
[WhiteElo "2645"]
[BlackElo "2440"]
[Annotator "Har Zvi,R"]
[PlyCount "76"]
[EventDate "1997.03.11"]
[EventType "swiss"]
[EventRounds "9"]
[EventCountry "RUS"]
[SourceTitle "EXT 2000"]
[Source "ChessBase"]
[SourceDate "1999.11.16"]
[SourceVersion "1"]
[SourceVersionDate "1999.11.16"]
[SourceQuality "1"]

1. e4 c5 2. Nf3 d6 3. Bb5+ Nd7 4. d4 cxd4 5. Qxd4 e5 (5... Ngf6 6. Bg5 e6 7.
Nc3 a6 8. Bxd7+ Bxd7 9. O-O-O h6 (9... Be7 $6 10. e5 dxe5 11. Nxe5 Bc6 12. Nxc6
bxc6 13. Bxf6 Bxf6 14. Qc5 Qc8 15. Ne4 Be7 16. Nd6+ Bxd6 (16... Kf8 17. Nxc8
Bxc5 18. Rd8#) 17. Rxd6 $18 {Gugenidze,B-Gufeld,E Tbilisi 1969}) 10. Bh4 Be7
11. Rhe1 (11. e5 $5) 11... Qc7 12. e5 dxe5 13. Nxe5 Rd8 14. Bg3 Qc8 (14... Qc5
$5) 15. Qe3 O-O 16. Qf3 Bc6 (16... b5 17. Bh4) 17. Qxc6 Qxc6 18. Nxc6 bxc6 19.
Na4 $14 {Rublevsky,S-Ruban,V Novosibirsk 1995 CBM 50}) 6. Qd3 Be7 (6... h6 7.
Nc3 Ngf6 {is the main line in this variation,when here white's main moves are
8.Nd2 or 8.Be3,for some theory after 8.Be3 go to the game Yudasin,L-Kozul,Z in
CBM 59}) 7. Nc3 Ngf6 8. Bg5 O-O 9. Bxd7 Qxd7 (9... Bxd7 10. Bxf6 Bxf6 11. Qxd6
Bc6 12. Qxd8 Rfxd8 13. Ke2 b5 14. a3 a5 15. Rhd1 $16 {Torre,O-Christiansen,L
San Francisco 1991}) 10. Bxf6 (10. O-O-O Rd8 11. Bxf6 Bxf6 12. Nd5 Qa4 13. Kb1
$14 {/+/- Ulibin,M-Voekler,B Dresden op 1994}) 10... Bxf6 11. Rd1 Rd8 12. Nd5 (
12. O-O Qc6 13. Nd5 Be6) 12... Qa4 13. O-O Be6 14. b3 Qa5 (14... Qxa2 $4 15.
Ra1 Qb2 16. Rfb1) 15. Nxf6+ gxf6 16. c4 b5 $1 {black must act immediately,
since he has a weak king a weak "d" pawn,and white can organize an attack very
quickly,just moving the knight and playing f4 opening also the "f" file that's
way black must act as quick as possible} 17. cxb5 (17. Nd2 bxc4 18. bxc4 (18.
Nxc4 Bxc4 (18... Qxa2 $4 19. Ra1 Bxc4 20. Qg3+ $18) 19. bxc4 Rab8 {[%csl Ra2,
Rc4]} (19... Qxa2 20. Ra1 Qb2 21. Rfb1 Qd4 22. Qxd4 exd4 23. Rd1 $13)) 18...
Qxa2 19. Ra1 Qb2 20. Rfb1 Qd4) 17... Qxa2 18. Nd2 Rac8 19. Qe3 (19. Qg3+ Kf8
20. Qh4 Ke7 {reaches the same position as in the game}) 19... Kg7 20. Qg3+ Kf8
21. Qh4 Ke7 22. f4 Qb2 (22... Rc2 23. Rf2 exf4 (23... Qb2 24. fxe5 Qxe5 25. Nf3
Qb2 26. Nd4 Rxf2 27. Qxf2 Qxf2+ 28. Kxf2 $16 {[%csl Ra7,Rf6,Rf7,Rh7]})) 23.
fxe5 Qxe5 24. Kh1 (24. Nc4 Bxc4 25. bxc4 Rxc4 26. Rd5 Qe6 (26... Qb2 27. Qxh7
Rc1 $13) 27. Rdf5 Rxe4 28. Qf2 (28. Qh6 Re1) 28... Re2 29. Qxa7+ Rd7 30. Qd4
Qe3+ $1 (30... Re5 31. R5f2 $36) 31. Qxe3+ Rxe3 32. Rxf6 Kf8 $11 33. Rb1 Re6
34. Rf4 d5 35. b6 Rb7 36. Rfb4 d4) (24. Nf3 Qxb5 25. Nd4 Qg5) 24... Qg5 25. Qf2
Rc2 26. Qxa7+ $2 (26. h4) 26... Rd7 27. Qd4 (27. Qa5 Bg4 $19) 27... Bg4 28. Qd3
Bxd1 29. Rxd1 Rdc7 30. b6 (30. h3 R7c3 31. Qd4 (31. Qd5 Rc1 $1 $19) 31... Rxb3
$19) 30... R7c3 31. Qd4 Rxb3 $19 {the game is over,but I am quite sure that
both players were is a very big time trouble,this explains why black resigned
on move 38 when the position was not so clear,and how both players have missed
a very simple wins for black,and of course black's blunder,and all if this in
just 3 moves} 32. e5 fxe5 33. Qd5 Rxb6 {still that's not bad} (33... Rxd2 {
well you do expect players such as Rublevsky and Minasian to see this move.....
.} 34. Rxd2 Qxd2 35. Qxd2 Rb1+) 34. Nc4 Ra6 $4 {well but this already is quite
bad after the simple Rxc4 black is winning after the little more complicated
Rb1 black is immediately winning!} (34... Rb1 35. Rxb1 Rc1+ 36. Qd1 Rxd1+ 37.
Rxd1 d5 $19) (34... Rxc4 35. Qxc4 Rb7 $19) 35. Nxd6 Qxg2+ $2 {it is clear
black have missed white's 37 move} (35... Qh5) 36. Qxg2 Rxg2 37. Nc8+ {well
black was hoping for Kxg2 but...} Ke6 38. Kxg2 f5 {and I believe black's flag
fell at this moment since I can not think of any other reason why would he
resign in this position} 1-0

[Event "Sigeman & Co 22nd"]
[Site "Malmo"]
[Date "2014.05.17"]
[Round "3"]
[White "Fressinet, Laurent"]
[Black "Grandelius, Nils"]
[Result "1-0"]
[WhiteElo "2711"]
[BlackElo "2587"]
[Annotator "Havasi,G"]
[PlyCount "97"]
[EventDate "2014.05.15"]
[EventType "tourn"]
[EventRounds "5"]
[EventCountry "SWE"]
[EventCategory "14"]
[SourceTitle "CBM 161"]
[Source "ChessBase"]
[SourceDate "2014.07.16"]
[SourceVersion "1"]
[SourceVersionDate "2014.07.16"]
[SourceQuality "1"]

1. e4 c5 2. Nf3 d6 3. Bb5+ Nd7 4. d4 (4. O-O $5 {Is another fashionable move,
White intends to play c3 followed by Bc2.} a6 5. Bd3 {was played in
Karjakin-Cheparinov; see the annotated game in CBM 157.}) 4... cxd4 5. Qxd4 a6
6. Be2 $5 {This is a really interesting move. Let's see the advantages of this
move: - White doesn't give up the bishop pair - White tries to exploit the
position of the d7-knight - White wants to get a position with space advantage
after c4 - If Black plays ...Ngf6 and ...e5, White can play for the weakened
d5-square. On the other hand, Black should be able to defend well, for example
with ...Ngf6, ...g6, ...Bg7.} (6. Bxd7+ {Carlsen played this move against
Anand. See the game annotated in CBM 155.}) 6... Ngf6 (6... e5 7. Qe3 Ngf6 8.
O-O {- 6...Ngf6}) 7. O-O (7. c4 {is also logical.} g6 8. Nc3 Bg7 9. O-O O-O 10.
Qd3 Nc5 11. Qc2 b5 $1 12. cxb5 axb5 13. Bxb5 Bb7 14. Re1 Rc8 $132 {
Neiksans-Cheparinov, Warsaw 2013}) 7... e5 (7... e6 {is also possible} 8. c4
Be7 9. Nc3 O-O 10. Bg5 Qc7 11. Rfe1 Rd8 12. Qd2 b6 13. Bd3 Bb7 $13 {
Koberl-Flesch, Budapest 1965}) (7... g6 $5 {is similar to Cheparinov's game.})
8. Qe3 Nc5 (8... Be7 {allows} 9. c4 O-O 10. Nc3 $14) 9. Nc3 Be7 10. b3 {
This is an original idea. White wants to continue with Ba3.} O-O 11. Ba3 Ne6 $1
{Bxc5 was a threat.} 12. g3 {White decides to prevent ...Nf4.} (12. Rfd1 {
was also possible.}) 12... Qa5 (12... b5 13. Rad1 Qa5 14. Bb2 Nc5 15. a3 Qc7
$13) 13. Bb2 Nc5 14. Nd2 Be6 (14... b5 $5) 15. a4 Rfe8 16. Nc4 Qc7 17. a5 Rad8
18. Rfd1 Qc6 {After some inaccurate moves, White could have started a
beautiful plan with 19.f3.} 19. Nd2 $5 {White plans Bf3, Nf1-e3.} (19. f3 $1
Bf8 20. Qf2 $1 g6 21. Ne3 $14 {and White has reached his goal.}) 19... h6 (
19... d5 $5 {is also possible} 20. exd5 Bxd5 21. Qxe5 Bd6 22. Qf5 Be5 $44 {
with some compensation for the pawn.}) 20. Bf3 $1 Bf8 21. Nf1 $1 Bg4 $1 22.
Bxg4 Nxg4 23. Qf3 (23. Qe2 $5 Nf6 24. Nd2 (24. f3 d5) 24... Ne6 25. Nf3 $14)
23... Nf6 24. Re1 Ne6 25. Ra4 Ng5 26. Qg2 d5 $1 {This is the beginning of a
beautiful combination.} 27. exd5 Nxd5 28. Rc4 Qf6 $2 {After this, White will
have some advantage.} ({With} 28... Nf4 $3 {Black could have forced the draw:}
29. Qxc6 Ngh3+ 30. Kh1 Nxf2+ 31. Kg1 N2h3+ $11) 29. Nxd5 Nf3+ 30. Kh1 Rxd5 31.
Re3 Rd1 32. Qxf3 Qxf3+ 33. Rxf3 Rxf1+ 34. Kg2 Rb1 35. Bc3 Rc1 $6 (35... Rd1 {
was better} 36. Rc7 f6 $1 37. Rxb7 Rc1 $1 38. Bd2 Rxc2 39. Rd3 $14) 36. Bd2 $1
Rd1 37. Rd3 $1 {The rooks will break into Black's position.} Be7 38. Kf3 Bg5
39. Bxg5 Rxd3+ 40. cxd3 hxg5 41. Ke4 f6 (41... Re7 42. Kd5 $16) 42. Rc7 Rb8 43.
b4 Kh7 44. Kd5 b6 45. b5 axb5 46. a6 Rd8+ 47. Kc6 b4 48. Kb7 b3 49. Rc3 1-0

[Event "CHN-ch"]
[Site "Xinghua"]
[Date "2017.05.03"]
[Round "10"]
[White "Xu, Yi"]
[Black "Fang, Yan"]
[Result "1/2-1/2"]
[WhiteElo "2454"]
[BlackElo "2447"]
[Annotator "Havasi,G"]
[PlyCount "80"]
[EventDate "2017.04.23"]
[EventType "tourn"]
[EventRounds "11"]
[EventCountry "CHN"]
[EventCategory "12"]
[SourceTitle "CBM 179"]
[Source "ChessBase"]
[SourceDate "2017.07.12"]
[SourceVersion "1"]
[SourceVersionDate "2017.07.12"]
[SourceQuality "1"]

1. e4 c5 2. Nf3 Nc6 3. Bb5 {These Bb5 systems (2...d6 3.Bb5 and 2...Nc6 3.Bb5)
are very popular nowadays, when players are seeking "alternative'' lines.} d6
4. O-O Bd7 5. Re1 Nf6 6. c3 a6 7. Bf1 Bg4 (7... e5 {is the second most popular
move, but the move played in the game is far more popular.}) 8. h3 Bh5 {
After this position it is not obvious, which move is the best, because top
players have played different moves.} (8... Bxf3 {is more often played} 9. Qxf3
g6 10. d3 Bg7 11. Be3 O-O 12. Qd1 Nd7 13. Nd2 b5 {1-0 (67) Zubarev,A (2588)
-Kuzubov,Y (2661) Lvov 2014}) 9. g4 $1 (9. d4 Bxf3 10. gxf3 cxd4 11. cxd4 d5
12. Nc3 e6 13. Bg5 Be7 14. Bxf6 Bxf6 15. exd5 Nxd4 16. Re4 Qb6 17. dxe6 Qc5 $2
18. e7 $18 h5 19. Rc1 Rh6 20. Kh1 Rg6 21. Ne2 {1-0 (21) Topalov,V (2793)
-Ivanchuk,V (2755) Thessaloniki 2013}) 9... Bg6 10. d4 e5 {This move will
result in a more closed position.} (10... cxd4 11. cxd4 e5 12. Nc3 Be7 13. Bg2
O-O 14. dxe5 dxe5 15. Bg5 h5 16. Nd5 {1-0 (26) Adams,M (2720)-Piorun,K (2520)
Germany 2013, was slightly better for White. White won the game some moves
later.}) 11. d5 Nb8 12. Bg2 $146 (12. Nbd2 {was played in previous games.})
12... Nbd7 (12... Bxe4 {is of course bad} 13. Rxe4 Nxe4 14. Qa4+ $18) 13. Nbd2
Be7 14. Nh4 (14. a4 {is also possible, but this would be just a change in the
order of moves, because White is going to play it on the next move.}) 14... Qc7
15. a4 $1 {This plan can be seen in systems like Benoni and Indian systems.
The plan is to carve out the c4-square for the N with a5.} h6 {A good plan to
play Nh7 followed by Bg5, getting rid of the so-called "bad'' B.} (15... O-O
16. a5 {is slightly better for White, he can play his plans and improve the
position and can start a plan even on the queenside, with b4 in the future.})
16. a5 Nh7 17. Nf5 Bxf5 18. exf5 h5 {This is a more dynamic move, that aims to
open the h-file.} (18... Bg5 19. Nc4 $14 {is slightly better for White because
of the space advantage.}) 19. Ne4 (19. Nc4 {is also possible.}) 19... hxg4 20.
hxg4 Nhf6 21. Ng3 (21. Nxf6+ Nxf6 22. g5 {is also a possible, good plan.})
21... Nh7 22. Ne4 Ndf6 23. Ng3 Nd7 24. Be3 {White is the one, who decides to
continue the game and avoid repetition.} Bg5 25. Bxg5 Nxg5 26. Qd2 ({The
aggressive} 26. f4 {is not so good} Nh3+) 26... Qd8 $1 27. Nh5 Kf8 $1 (27...
O-O {is a mistake, because of the nice tactics} 28. f6 $1 gxf6 29. f4 $16) 28.
f3 (28. c4 Nh7 {is the suggestion of the computer and it seems to be good to
exchange Qs with Qg5.}) 28... c4 {With the plan ...Nc5.} (28... Nh7 {is also
possible with same idea of Qg5.}) 29. f4 Nh7 $1 (29... exf4 30. Qxf4 Ne5 31.
Rxe5 dxe5 32. Qxe5 {is very unclear, White has some initiative, but in this
kind of position, if Black can defend, he could exploit the material advantage.
}) 30. fxe5 (30. Ra4 {might be better, because fxe5 helps the knight become
active.}) 30... Nxe5 31. Rxe5 $1 {The computer gives this position with
advantage for Black, but from a practical point of view, this makes Black's
task harder.} dxe5 32. d6 Nf6 (32... Qg5 {is also a possible, typical motif to
make position easier with an exchange} 33. Qxg5 Nxg5 34. Bxb7 Rd8) 33. Nxf6
Qxf6 34. g5 Qxf5 35. Rf1 Qd3 (35... Qg6 36. Qd5 Rd8 $17) 36. Qf2 Qg6 37. Qb6
Qxg5 {After this the game is forced draw.} ({In this not easy position, the
computer suggests} 37... Kg8 $1 38. Qxb7 Rd8) 38. Qxb7 Qe3+ 39. Rf2 Qc1+ 40.
Rf1 Qe3+ 1/2-1/2